000 00494nam a2200169 a 4500
005 20140412111227.0
008 001108s19uu xx 00 eng d
020 _a0-590-50835-0
050 _aER
_bMa27Bl 1996
100 _aCole, Joanna
245 _aThe Magic school bus blows its top :
_cJoanna Cole.
_ba book about volcanoes /
260 _aNew York :
_bScholastic Inc,
_c1996.
300 _a1 v. (unp.) ; ill.
440 _aThe Magic School Bus
650 _aVolcanoes
999 _c102079
_d102079